16 Villes d'Europe en L et en images - Statistiques

Statistiques générales
  • Ce quiz a été pris 71 fois
  • Le résultat moyen est 7 sur 16
Statistiques - réponses
Par images Hint Réponse % Correct
France Lyon
98%
Royaume-Uni Londres
92%
Royaume-Uni Liverpool
91%
Portugal Lisbonne
89%
Belgique Liège
82%
Slovénie Ljubljana
63%
Ukraine Lviv
42%
France Lorient
35%
Allemagne Leipzig
34%
Suisse Lucerne
32%
Pologne Lodz
31%
Norvège Lillehammer
23%
Suède Lund
11%
Finlande Lahti
9%
Grèce Larissa
6%
Espagne Lugo
5%
Aucun quiz correspondant
Distribution des résultats
% des personnes avec chaque résultat
Percentile par nombre de réponses
Votre historique - résultats
Vous n’avez pas pris ce quiz